000 00389nam a22000977a 4500
008 110707t xxu||||| |||| 00| 0 eng d
010 _aC DOC F-140
245 _aCharge: Uganda Vs Tumusiime George, M/a 40yrs, Munyankole, Civil Servant, Resident of Kitintale, Kampala.
260 _c2000
999 _c4633
_d4633